Physical kinetics /

Guardado en:
Autor Principal: Lifshits, E. M.
Otros Autores: Pitaevskii, L. P.
Formato: Libro
Idioma:English
Russian
Publicado: Oxford : Pergamon Press, 1981.
Series:Pergamon international library of science, technology, engineering and social studies
Landau, L. D. (Lev Davidovich), 1908-1968. Teoreticheskaia fizika. v. 10.
Materias:
Etiquetas: Agregar Etiqueta
Sin Etiquetas, Sea el primero en etiquetar este registro!
LEADER 01612cam a2200313 a 4500
001 MAT.inmabb002771
008 820506s1981####enka##########001#0#eng##
005 20170504124714.0
245 1 0 |a Physical kinetics /  |c by E.M. Lifshitz and L.P. Pitaevskii ; translated from the Russian by J.B. Sykes and R.N. Franklin. 
260 |a Oxford :  |b Pergamon Press,  |c 1981. 
300 |a xi, 452 p. :  |b il. ;  |c 25 cm. 
490 1 |a Course of theoretical physics ;  |v v. 10 
440 0 |a Pergamon international library of science, technology, engineering and social studies 
500 |a Traducción de: Fizicheskaya kinetika (Nauka, 1979). 
505 8 |a Capítulos: I. Kinetic theory of gases -- II. The diffusion approximation -- III. Collisionless plasmas -- IV. Collisions in plasmas -- V. Plasmas in magnetic fields -- VI. Instability theory -- VII. Insulators -- VIII. Quantum liquids -- IX. Metals -- X. The diagram technique for non-equilibrium systems -- XI. Superconductors -- XII. Kinetics of phase transitions. 
510 4 |a MR,  |c 81h:82001  |3 (de la versión original) 
020 |a 0080264808 (pbk.) 
020 |a 0080206417 
100 1 |a Lifshits, E. M.  |q (Evgenii Mikhailovich) 
700 1 |a Pitaevskii, L. P.  |q (Lev Petrovich) 
800 1 |a Landau, L. D.  |q (Lev Davidovich),  |d 1908-1968.  |t Teoreticheskaia fizika.  |l Inglés ;  |v v. 10. 
650 0 |a Plasma (Ionized gases) 
650 0 |a Kinetic theory of gases. 
650 0 |a Solid state physics. 
084 |a 82-02 (76X05 82A35 82A45 82A70)  |2 MR 
010 |a  80042162  
040 |a DLC  |c DLC  |d DLC 
041 1 |a eng  |h rus 
859 |h 82  |i L722r  |p A-5234  |b BIB. MATEMATICA